| 000 | 00710nam a2200193 a 4500 | ||
|---|---|---|---|
| 001 | 000031597 | ||
| 005 | 20200930063037.0 | ||
| 008 | 110628s1962 xxu 000 0 spa d | ||
| 040 |
_aDO-SdBNP _bspa _cBNPHU |
||
| 082 |
_axxxx _bE19t |
||
| 245 | 0 | 0 | _aEconomic, techinical and related assistance. |
| 260 |
_aWashington : _bDepartament of State, _c1962. |
||
| 300 |
_a8 p. ; _c23cm. |
||
| 490 | 1 |
_aTreaties and other international acts series _vno. 4936 |
|
| 500 | _aAgreement between the United States of America and the Dominican Republic. | ||
| 504 | _aIncluye referencias bibliográficas al pie de las páginas. | ||
| 830 | 0 |
_aTreaties and other international acts series _vno. 4936 _957925 |
|
| 049 | _aBNPD | ||
| 999 |
_c31089 _d31089 |
||